Exposición de miniaturas textiles : celebrada durante la IV Lonja Textil de España celebrada durante la IV Lonja Textil de España
Descripción Física:
VIII, 33, [84] p. : il. ; 21 cm
MARC
| LEADER | 00000nam a2200000Ia 4500 | ||
|---|---|---|---|
| 001 | 1916 | ||
| 008 | 160829s1968 xx 000 0 cat d | ||
| 080 | |a C-1-336 | ||
| 245 | |a Exposición de miniaturas textiles : |b celebrada durante la IV Lonja Textil de España | ||
| 260 | |a Barcelona : |b Diputación Provincial de Barcelona, |c 1968 | ||
| 300 | |a VIII, 33, [84] p. : |b il. ; |c 21 cm | ||
| 650 | |a Maquinària tèxtil |x Miniatures |x Exposicions |9 21892 | ||
| 710 | 1 | |a Barcelona (Catalunya : Província). |b Diputació |9 52408 | |
| 901 | |a Arxiu | ||
| 942 | |n 1 | ||
| 952 | |0 0 |1 0 |4 0 |6 C1336 |7 1 |9 41912 |a Arxiu |b Arxiu |d 2016-12-01 |l 0 |o C-1-336 |p 1916 |r 2016-12-01 00:00:00 |w 2016-12-01 |y ARXIU | ||
| 999 | |c 44359 |d 44359 | ||